Arthur Miller /

Discusses the life of the major American playwright and examines the common themes explored in his works.

Bibliographic Details
Main Author: Glassman, Bruce
Format: Book
Language:English
Published: Englewood Cliffs, NJ : Silver Burdett, [1990]
Series:Genius! (Englewood Cliffs, N.J.)
Subjects:

MARC

Tag First Indicator Second Indicator Subfields
LEADER 00000cam a22000008a 4500
001 in00000923621
005 20150924172422.0
008 900109s1990 nju j b 00110beng
010 |a  90030498  
020 |a 0382099044 (lib. bdg.) :  |c $14.98 
020 |a 0382240324 (pbk.) :  |c $7.95 
035 |a (OCoLC)21118137 
035 |9 AEQ0466AM 
040 |a DLC  |c DLC  |d TXA  |d UtOrBLW 
043 |a n-us--- 
049 |a [Curr Col] TXAM  |c [A13330534] 
050 0 0 |a PS3525.I5156  |b Z65 1990 
082 0 0 |a 812/.52  |a 92  |a B  |2 20 
100 1 |a Glassman, Bruce. 
245 1 0 |a Arthur Miller /  |c by Bruce Glassman. 
264 1 |a Englewood Cliffs, NJ :  |b Silver Burdett,  |c [1990] 
264 4 |c ©1990 
300 |a 128 pages, 8 unnumbered pages of plates :  |b illustrations 
336 |a text  |b txt  |2 rdacontent 
337 |a unmediated  |b n  |2 rdamedia 
338 |a volume  |b nc  |2 rdacarrier 
490 1 |a Genius! : the artist and the process 
504 |a Includes bibliographical references and index. 
520 |a Discusses the life of the major American playwright and examines the common themes explored in his works. 
600 1 0 |a Miller, Arthur,  |d 1915-2005  |v Juvenile literature. 
650 0 |a Dramatists, American  |y 20th century  |v Biography  |v Juvenile literature. 
600 1 1 |a Miller, Arthur,  |d 1915-2005. 
650 1 |a Dramatists, American. 
830 0 |a Genius! (Englewood Cliffs, N.J.) 
999 |a MARS 
999 f f |s a3fae1b2-e81e-3550-9691-577dc7766da7  |i dd291174-5d81-3c1d-b3cc-ed6e0146604c  |t 0 
952 f f |p ric  |a Texas A&M University  |b Rellis Campus  |c Joint Library Facility  |d Remote Storage  |t 0  |e PS3525.I5156 Z65 1990  |h Library of Congress classification  |i unmediated -- volume  |m A14813330534 
998 f f |a PS3525.I5156 Z65 1990  |t 0  |l Remote Storage